| Tag |
First Indicator |
Second Indicator |
Subfields |
| LEADER |
00000cam a2200000 4500 |
| 001 |
in00000192721 |
| 005 |
20151009052153.0 |
| 008 |
791024r19141911nyuf b 00000 eng d |
| 010 |
|
|
|a a 14002342
|
| 035 |
|
|
|a (OCoLC)05583143
|
| 035 |
|
|
|9 AAV9415AM
|
| 040 |
|
|
|a TXA
|c TXA
|d UtOrBLW
|
| 049 |
|
|
|a TXAM
|c [8905]
|
| 090 |
|
|
|a N7435
|b .P5 1914
|
| 100 |
1 |
|
|a Phillipps, L. March
|q (Lisle March),
|d 1863-1917.
|
| 245 |
1 |
0 |
|a Art and environment /
|c with twenty-six illustrations.
|
| 264 |
|
1 |
|a New York :
|b H. Holt,
|c 1914.
|
| 300 |
|
|
|a xix, 342 pages :
|b frontispiece, plates.
|
| 336 |
|
|
|a text
|b txt
|2 rdacontent
|
| 337 |
|
|
|a unmediated
|b n
|2 rdamedia
|
| 338 |
|
|
|a volume
|b nc
|2 rdacarrier
|
| 500 |
|
|
|a First published in 1911.
|
| 504 |
|
|
|a Bibliography: pages 328-[343].
|
| 650 |
|
0 |
|a Art criticism.
|
| 650 |
|
0 |
|a Architecture.
|
| 999 |
|
|
|a MARS
|
| 999 |
f |
f |
|s 39c8cf21-f2fe-3d49-84e2-e110d066ec18
|i 84d4e779-969c-3068-8362-e98c7dcb419f
|t 0
|
| 952 |
f |
f |
|p normal
|a Texas A&M University
|b College Station
|c Sterling C. Evans Library
|d Evans: Library Stacks
|t 0
|e N7435 .P5 1914
|h Library of Congress classification
|i unmediated -- volume
|m A14803402119
|
| 998 |
f |
f |
|a N7435 .P5 1914
|t 0
|l Evans: Library Stacks
|